En el General de antaño
Na minha lista:
| Autor principal: | |
|---|---|
| Formato: | Desconhecido |
| Idioma: | Spanish |
| Publicado em: |
San José, Costa Rica
Katina
[1970?]
|
| Assuntos: | |
| Tags: |
Adicionar Tag
Sem tags, seja o primeiro a adicionar uma tag!
|
MARC
| LEADER | 000000000a22000000004500 | ||
|---|---|---|---|
| 001 | 002120 | ||
| 003 | CIICLA | ||
| 005 | 20191016104222.0 | ||
| 008 | 191016b xxu||||| |||| 00| 0 spa d | ||
| 041 | 0 | |a español | |
| 082 | |a CR863.4 |b Q54e | ||
| 100 | 1 | |a Quesada Hidalgo, Alfonso | |
| 245 | 1 | 0 | |a En el General de antaño |
| 260 | |a San José, Costa Rica |b Katina |c [1970?] | ||
| 300 | |a 229 páginas |b 4 hojas de láminas | ||
| 500 | |a número de inscripción 01426 | ||
| 650 | 4 | |a LITERATURA COSTARRICENSE |9 76 | |
| 650 | 4 | |a NOVELA | |
| 942 | |2 ddc |c BK | ||
| 999 | |c 2989 |d 2989 | ||
